Premier League Teams Quiz – 2000/01 - Statistics

General Stats
  • This quiz has been taken 4 times
  • The average score is 15 of 20
Answer Stats
Position Club % Correct
2nd Arsenal
100%
6th Chelsea
100%
16th Everton
100%
3rd Liverpool
100%
18th Manchester City
100%
1st Manchester United
100%
10th Southampton
100%
7th Sunderland
100%
12th Tottenham
100%
8th Aston Villa
75%
19th Coventry
75%
17th Derby
75%
4th Leeds
75%
11th Newcastle
75%
9th Charlton
50%
5th Ipswich
50%
14th Middlesbrough
50%
15th West Ham
50%
20th Bradford City
25%
13th Leicester
25%
No matching quizzes found
Score Distribution
Percent of People with Each Score
Percentile by Number Answered
Your Score History
You have not taken this quiz